000
00285nam a22001337a 4500
008
171215b xxu||||| |||| 00| 0 eng d
020
_a
9780821919583
041
_a
eng
080
_a
78
100
_a
45
101
_a
MUZ
245
_a
EN SUS MARCAS
_c
FUNSTON.J.F
942
_2
udc
_c
BK
999
_c
38970
_d
38970